00881nam a22001217a 4500003000400000020001800004082001600022100002200038245006400060250000900124260002600133653060000159SGT a9788132204268 a547.5, CAR  aCAREY A. FRANCIS  aADVANCED ORGANIC CHEMISTRY (PRAT B: REACTION AND SYNTHESIS  a5TH  aNEW DELHI bSPRINGER  aAlkylation of Enolates and Other Carbon Nucleophiles, Reactions of Carbon Nucleophiles with Carbonyl Compounds, Functional Group Interconversion by Substitution, Including Protection and Deprotection, Electrophilic Additions to Carbon-Carbon Multiple Bonds, Reduction of Carbon-Carbon Multiple Bonds, Carbonyl Groups, and Other Functional Groups, Concerted Cycloadditions, Unimolecular Rearrangements, and Thermal Eliminations, Organometallic Compounds of Group I and II Metals, Reactions Involving Transition Metals, Aromatic Substitution Reactions, Oxidations, Multistep Syntheses, Back Matter